Entry Personal Name
Number of records used in: 1
001 - CONTROL NUMBER
003 - CONTROL NUMBER IDENTIFIER
005 - DATE AND TIME OF LATEST TRANSACTION
- control field:
20200205113010.0
008 - FIXED-LENGTH DATA ELEMENTS
- fixed length control field:
800819n| acannaabn |a aaa
010 ## - LIBRARY OF CONGRESS CONTROL NUMBER
- LC control number:
n 80034429
035 ## - SYSTEM CONTROL NUMBER
- System control number:
(OCoLC)oca00416592
040 ## - CATALOGING SOURCE
- Original cataloging agency:
DLC
- Language of cataloging:
eng
- Transcribing agency:
DLC
- Modifying agency:
NjBlaOCU
- Modifying agency:
Uk
- Modifying agency:
IEN
046 ## - SPECIAL CODED DATES
100 1# - HEADING--PERSONAL NAME
- Personal name:
Cronin, Thomas E.
400 1# - SEE FROM TRACING--PERSONAL NAME
- Personal name:
Cronin, Tom,
- Dates associated with a name:
1940-
670 ## - SOURCE DATA FOUND
- Source citation:
His The Presidential advisory system, 1969.
670 ## - SOURCE DATA FOUND
- Source citation:
On the presidency, c2009:
- Information found:
t.p. (Thomas E. Cronin) p. 167 (Tom Cronin; McHugh Prof. of American Institutions and Leadership at Colo. College; Ph.D. in political science from Stanford Univ.)
670 ## - SOURCE DATA FOUND
- Source citation:
BL auth. file, 10 Sep. 2008
- Information found:
(hdg.: Cronin, Thomas E. (Thomas Edward), 1940-)
670 ## - SOURCE DATA FOUND
- Source citation:
Info. converted from 678, 2012-10-02
- Information found:
(b. 3/18/40)